000 00586nam a2200193Ia 4500
003 GCL
008 140319s9999 xx 000 0 ara d
040 _aGCL /
_cGCL
082 0 4 _a230.56
_bك ق
100 1 _aكارمايكل، ستوكلى
245 1 0 _aالقوة السوداء: سياسة التحرير فى امريكا /
_cكارمايكل، ستوكلى
700 1 _aهاملتون, تشارلز
700 1 _aناجى علوشى (مترجم)
300 _a206 ص
490 _aكتاب
_v0
650 0 4 _aالسياسة
650 0 4 _aالعنصرية
942 _2ddc
_cBK
999 _c41921
_d41921